Idea de la hispanidad
Uloženo v:
| Hlavní autor: | |
|---|---|
| Médium: | Kniha |
| Jazyk: | španělština |
| Vydáno: |
Madrid
Espasa-Calpe
1961
|
| Edice: | Colección Austral, 1302
|
| Témata: | |
| Tagy: |
Přidat tag
Žádné tagy, Buďte první, kdo vytvoří štítek k tomuto záznamu!
|
MARC
| LEADER | 00000nam a2200000 a 4500 | ||
|---|---|---|---|
| 001 | UCZ6083 | ||
| 003 | CL-VaPUC | ||
| 008 | 951201e19610000SP |||||||||||||||||spa|d | ||
| 082 | 0 | 4 | |a 946.001 |b GAR |2 21 |
| 100 | |a García Morente, Manuel |e autor |9 347175 | ||
| 245 | 1 | 0 | |a Idea de la hispanidad |
| 300 | |a 229 p | ||
| 942 | |c BK | ||
| 945 | |d 19951201 00:00:00 |a lriquelm | ||
| 260 | |a Madrid |b Espasa-Calpe |c 1961 | ||
| 650 | 0 | |a Filosofía de la historia |9 265651 | |
| 650 | 7 | |a NACIONALISMO |2 CL-VaPUC |9 350293 | |
| 650 | 0 | |a Patriotismo |9 340204 | |
| 650 | 0 | |a Ideologías |9 255200 | |
| 651 | 0 | |a España |9 254926 | |
| 583 | |a last modification |c 19951201 00:00:00 |k Rodrigo Vera | ||
| 490 | 0 | |a Colección Austral, 1302 | |
| 999 | |c 242342 |d 242340 | ||
| 952 | |0 0 |1 0 |4 0 |6 946_001000000000000_GAR_1961 |7 0 |8 P |9 255205 |a BIBEDU |b BIBEDU |c BIBEDU_PB |d 2019-11-19 |i 1600508 |o 946.001 GAR 1961 |p 1600508 |r 2024-01-25 |w 2019-11-19 |y BK |k FIL | ||